000 00799nam a2200217 a 4500
003 0
005 20250213093304.0
008 120723s19uu xx 00 eng d
050 _aPGS QA 76.76.I59
_b.T292 2012
100 _aTeng, Yi Fei Q.
245 _aGadget ownership and peer pressure /
_cYi Fei Q.Teng.
260 _aLas PiƱas City, Philippines :
_bSouthville International School and Colleges,
_c2012.
300 _a32 pages :
_billustrations ;
_c28 cm.
504 _aIncludes bibliographical references.
650 _aTechnology and youth
_vSocial aspects.
650 _aGadgets
_vPsychological aspects.
650 _aDigital devices
_vEffect on behavior.
650 _aSocial influence
_vTechnology and youth.
650 _aAdolescents
_vTechnology and behavior.
942 _2lcc
_cPASS
999 _c98767
_d98767